000 004250000a22001810004500
003 LK-CoMWRAF
008 230817t ||||| |||| 00| 0 eng d
040 _aLK-CoMWRAF
_dLK-CoMWRAF
_eLK-CoMWRAF
041 _aeng
082 _a023
_bMET
100 _aMeththa, M
245 _aNayagam Oru Kaviyam
_b
250 _a2nd.ed
260 _aMadras
_bThirumagal Nilaiyam
_c1995
300 _ap.294
650 _apoem
942 _cBK
999 _c2884
_d2884